Wrong-way Jonah / (Record no. 5222)

MARC details
000 -LEADER
fixed length control field 00651nam a2200229Ia 4500
001 - CONTROL NUMBER
control field 15428
003 - CONTROL NUMBER IDENTIFIER
control field GBCCL
005 - DATE AND TIME OF LATEST TRANSACTION
control field 20241126110536.0
008 - FIXED-LENGTH DATA ELEMENTS--GENERAL INFORMATION
fixed length control field 761203s1967 nbu 000 0 eng d
035 ## - SYSTEM CONTROL NUMBER
System control number OCM02593995
040 ## - CATALOGING SOURCE
Original cataloging agency CDC
Transcribing agency CDC
Modifying agency m.c.
-- LBB
049 ## -
-- LBBK
082 ## - DEWEY DECIMAL CLASSIFICATION NUMBER
Classification number 224.92
Item number WEI
092 0# - LOCALLY ASSIGNED DEWEY CALL NUMBER (OCLC)
Item number W429, 1967
Edition number 20
100 1# - MAIN ENTRY--PERSONAL NAME
Personal name Weiss, G. Christian.
9 (RLIN) 2026
245 10 - TITLE STATEMENT
Title Wrong-way Jonah /
Statement of responsibility, etc. by G. Christian Weiss.
260 ## - PUBLICATION, DISTRIBUTION, ETC.
Place of publication, distribution, etc. Lincoln, Neb. :
Name of publisher, distributor, etc. Back to the Bible Broadcast,
Date of publication, distribution, etc. c1967.
300 ## - PHYSICAL DESCRIPTION
Extent 126 p ;
Dimensions 18 cm.
600 00 - SUBJECT ADDED ENTRY--PERSONAL NAME
Personal name Jonah
Titles and other words associated with a name (Biblical prophet)
9 (RLIN) 9421
630 00 - SUBJECT ADDED ENTRY--UNIFORM TITLE
Uniform title Bible.
Name of part/section of a work O.T.
-- Jonah
General subdivision Commentaries.
9 (RLIN) 5196
942 ## - ADDED ENTRY ELEMENTS (KOHA)
Source of classification or shelving scheme Dewey Decimal Classification
Koha item type Books
Koha issues (borrowed), all copies 12
Holdings
Withdrawn status Lost status Source of classification or shelving scheme Damaged status Not for loan Home library Current Library Shelving location Date acquired Total checkouts Full call number Barcode Date last seen Date last checked out Copy number Price effective from Koha item type
    Dewey Decimal Classification     GRACE BIBLE COLLEGE GRACE BIBLE COLLEGE Biblical Studies 2018-03-06 3 224.92 WEI 005253 2025-05-01 2021-02-16 c.1 2018-03-06 Books
    Dewey Decimal Classification     GRACE BIBLE COLLEGE GRACE BIBLE COLLEGE Biblical Studies 2018-03-06 8 224.92 WEI 005257 2025-05-01 2024-02-23 c.3 2018-03-06 Books
    Dewey Decimal Classification     GRACE BIBLE COLLEGE GRACE BIBLE COLLEGE Biblical Studies 2018-04-09 1 224.92 WEI 005254 2025-05-01 2019-03-01 c.2 2018-04-09 Books
© Grace Bible College Library 2025